000 00679cab a2200217 4500
001 ABS41774
008 090401t1989 xxu||||| |||| 00| 0 eng d
035 _a(Sirsi) u32373
041 _aeng
100 _aBrown, P. K.
245 _aUntangling the hereditament
260 _c1989
350 _a0
490 _aRVA Monthly
_vNovember 1989, 312-313(2)
520 _aSets out the definition of a hereditament under the Local Government Finance Act 1988 s64 and reviews cases which have considered the nature and extent of this unit of assessment.
650 _aRATES
650 _aValuation
_96273
690 _aRATING AND VALUATION
942 _n0
948 _c04/03/1997
999 _c21707
_d21707